000 00376 a2200169 4500
001 46180
020 _a978-85-16-07009-0
040 _cAnchieta - Aquarius
100 _aMachado, Ana Maria
240 1 0 _aA. Nau catarineta
_lpor
245 1 0 _aA. Nau catarineta
300 _a
362 0 _a2011
440 1 _aModerna
650 4 _aLiteratura infanto-juvenil
942 _cBK
999 _c46180
_d46180